Environment / (Record no. 24537)

000 -LEADER
fixed length control field 02335cam a22003737a 4500
001 - CONTROL NUMBER
control field 15188116
003 - CONTROL NUMBER IDENTIFIER
control field OSt
005 - DATE AND TIME OF LATEST TRANSACTION
control field 20170128154654.0
008 - FIXED-LENGTH DATA ELEMENTS--GENERAL INFORMATION
fixed length control field 080221s2008 njuab b 001 0 eng
010 ## - LIBRARY OF CONGRESS CONTROL NUMBER
LC control number 2008297210
020 ## - INTERNATIONAL STANDARD BOOK NUMBER
International Standard Book Number 0470119268 (pbk.)
020 ## - INTERNATIONAL STANDARD BOOK NUMBER
International Standard Book Number 9780470119266
035 ## - SYSTEM CONTROL NUMBER
System control number (OCoLC)ocn190861944
040 ## - CATALOGING SOURCE
Original cataloging agency ZQP
Transcribing agency ZQP
Modifying agency BAKER
-- CUS
-- DLC
042 ## - AUTHENTICATION CODE
Authentication code lccopycat
050 00 - LIBRARY OF CONGRESS CALL NUMBER
Classification number GE70
Item number .R38 2008
082 04 - DEWEY DECIMAL CLASSIFICATION NUMBER
Classification number 363.7
Edition number 22
100 1# - MAIN ENTRY--PERSONAL NAME
Personal name Raven, Peter H.
245 10 - TITLE STATEMENT
Title Environment /
Statement of responsibility, etc. Peter H. Raven, Linda R. Berg, David M. Hassenzahl.
250 ## - EDITION STATEMENT
Edition statement 6th ed.
260 ## - PUBLICATION, DISTRIBUTION, ETC. (IMPRINT)
Place of publication, distribution, etc. Hoboken, NJ :
Name of publisher, distributor, etc. Wiley,
Date of publication, distribution, etc. c2008.
300 ## - PHYSICAL DESCRIPTION
Extent 1 v. (various pagings) :
Other physical details ill. (some col.), col. maps ;
Dimensions 28 cm.
500 ## - GENERAL NOTE
General note "2006 world population data sheet" (1 folded leaf) in pocket.
504 ## - BIBLIOGRAPHY, ETC. NOTE
Bibliography, etc Includes bibliographical references and index.
505 0# - FORMATTED CONTENTS NOTE
Formatted contents note Introducing environmental science and sustainability -- Environmental laws, economics, and ethics -- Ecosystems and energy -- Ecosystems and living organisms -- Ecosystems and the physical environment -- Major ecosystems of the world -- Human health and environmental toxicology -- Population change -- Addressing population issues -- The urban world -- Fossil fuels -- Nuclear energy -- Renewable energy and conservation -- Water: a limited resource -- Soil resources -- Minerals: a nonrenewable resource -- Preserving Earth's biological diversity -- Land resources -- Food resources: a challenge for agriculture -- Air pollution -- Global climate change-- Water pollution -- The pesticide dilemma -- Solid and hazardous wastes -- Tomorrow's world -- Appendices: review of basic chemistry -- Graphing -- Units of measure: some useful conversions -- Abbreviations, formulas, and acronyms used in this text -- Glossary.
650 #0 - SUBJECT ADDED ENTRY--TOPICAL TERM
Topical term or geographic name as entry element Environmental education.
650 #0 - SUBJECT ADDED ENTRY--TOPICAL TERM
Topical term or geographic name as entry element Environmental policy.
650 #0 - SUBJECT ADDED ENTRY--TOPICAL TERM
Topical term or geographic name as entry element Conservation of natural resources.
700 1# - ADDED ENTRY--PERSONAL NAME
Personal name Berg, Linda R.
700 1# - ADDED ENTRY--PERSONAL NAME
Personal name Hassenzahl, David M.
856 42 - ELECTRONIC LOCATION AND ACCESS
Materials specified Publisher description
Uniform Resource Identifier <a href="http://www.loc.gov/catdir/enhancements/fy0814/2008297210-d.html">http://www.loc.gov/catdir/enhancements/fy0814/2008297210-d.html</a>
856 41 - ELECTRONIC LOCATION AND ACCESS
Materials specified Table of contents only
Uniform Resource Identifier <a href="http://www.loc.gov/catdir/enhancements/fy0814/2008297210-t.html">http://www.loc.gov/catdir/enhancements/fy0814/2008297210-t.html</a>
906 ## - LOCAL DATA ELEMENT F, LDF (RLIN)
a 7
b cbc
c copycat
d 3
e ncip
f 20
g y-gencatlg
942 ## - ADDED ENTRY ELEMENTS (KOHA)
Source of classification or shelving scheme
Koha item type Hard Covered Materials
Classification part GE 70 .R38 2008
Holdings
Withdrawn status Lost status Source of classification or shelving scheme Damaged status Not for loan Home library Current library Shelving location Date acquired Source of acquisition Total Checkouts Full call number Barcode Date last seen Price effective from Koha item type
          MACHAKOS UNIVERSITY LIBRARY MACHAKOS UNIVERSITY LIBRARY Open shelf 28/01/2017 Donation (BFA)   GE 70 .R38 2008 32813 21/07/2018 28/01/2017 Hard Covered Materials
© Machakos University Library, Along The Highway, Machakos Wote Rd, Machakos, Kenya P.O. Box 136 - 90100 Machakos - Kenya

Tel: ( +254 ) 723 805829 OR Fax : 044-20353 OR Email: library@mksu.ac.ke